[Event "World Cup U18 Girls Prel"]
[Site "Tornelo INT"]
[Date "2021.08.01"]
[Round "2"]
[White "Acosta, Florencia Luz"]
[Black "Galvan Cipriani, Viviana"]
[Result "0-1"]
[WhiteElo "1716"]
[BlackElo "2071"]
[PlyCount "106"]
[EventDate "2021.08.01"]
[EventType "swiss (rapid)"]
[EventRounds "10"]
[EventCountry "NET"]
[SourceTitle "EXT 2024"]
[Source "ChessBase"]
[SourceDate "2023.10.10"]
[SourceVersion "1"]
[SourceVersionDate "2023.10.10"]
[SourceQuality "1"]

1. e4 c5 2. Nf3 Nc6 3. Bb5 g6 4. Bxc6 bxc6 5. d3 Bg7 6. 0-0 d6 7. Re1 Nh6 8. Nbd2 0-0 9. c3 Qc7 10. Qc2 Bg4 11. h3 Bc8 12. Nf1 Rb8 13. Rb1 Kh8 14. Bd2 e5 15. Rec1 f5 16. N1h2 Be6 17. b4 fxe4 18. dxe4 c4 19. Ng5 Bd7 20. Be3 Ng8 21. Qe2 h6 22. Ngf3 Be6 23. Nd2 d5 24. Bc5 Rf7 25. a4 Nf6 26. Nhf3 Nh5 27. Be3 Rd8 28. Nf1 d4 29. cxd4 exd4 30. Bd2 c3 31. Nxd4 Bxd4 32. Bxc3 Bxc3 33. Rxc3 Qd6 34. Rf3 Rxf3 35. Qxf3 Kg7 36. g4 Nf6 37. Qc3 Qd7 38. Re1 Kf7 39. Qf3 Kg7 40. Ng3 Ng8 41. Qc3+ Kh7 42. e5 Rf8 43. Ne4 Bd5 44. Nc5 Qf7 45. Qg3 Ne7 46. e6 Qf3 47. Qxf3 Rxf3 48. Re3 Rxe3 49. fxe3 Kg7 50. Kf2 Kf6 51. b5 cxb5 52. axb5 Bxe6 53. Ne4+ Ke5 0-1

[Event "Pan American-ch U16 Girls"]
[Site "Santiago de Chile"]
[Date "2018.07.22"]
[Round "1"]
[White "Acosta, Florencia Luz"]
[Black "Garmendia Vega, Sofia"]
[Result "1-0"]
[WhiteElo "1792"]
[BlackElo "1387"]
[PlyCount "87"]
[EventDate "2018.07.22"]
[EventType "swiss"]
[EventRounds "9"]
[EventCountry "CHI"]
[SourceTitle "EXT 2022"]
[Source "ChessBase"]
[SourceDate "2021.10.06"]
[SourceVersion "1"]
[SourceVersionDate "2021.10.06"]
[SourceQuality "1"]

1. e4 c5 2. Nf3 d6 3. d4 cxd4 4. Nxd4 Nf6 5. Nc3 g6 6. Be2 Bg7 7. Be3 0-0 8. 0-0 Bd7 9. Nb3 a6 10. f3 Nc6 11. Qd2 Rc8 12. Rab1 Ne5 13. Bf2 Nc4 14. Bxc4 Rxc4 15. Qd3 Rc8 16. Rfc1 Be6 17. Nd2 Qd7 18. b3 Qc6 19. Ne2 Nd7 20. c4 Nc5 21. Qe3 Bd7 22. b4 Ne6 23. b5 Qc7 24. bxa6 bxa6 25. Qa3 Nc5 26. Nb3 Nd3 27. Rc2 Nxf2 28. Kxf2 Qa7+ 29. Kf1 Be6 30. Rbc1 Rb8 31. c5 dxc5 32. Rxc5 Rfc8 33. Rxc8+ Rxc8 34. Nc5 Rc6 35. Nxe6 Rxe6 36. Rc8+ Bf8 37. Qb2 f6 38. Qb3 Qb6 39. Qd5 Qb1+ 40. Kf2 Qb6+ 41. Nd4 Kf7 42. Qxe6+ Qxe6 43. Nxe6 Kxe6 44. Rxf8 1-0

[Event "ARG-ch U16 Girls"]
[Site "Villa Martelli"]
[Date "2018.02.10"]
[Round "3.2"]
[White "Acosta, Florencia Luz"]
[Black "Aimale, Maria Pia"]
[Result "1-0"]
[WhiteElo "1696"]
[BlackElo "1437"]
[PlyCount "79"]
[EventDate "2018.02.09"]
[EventType "swiss"]
[EventRounds "9"]
[EventCountry "ARG"]
[SourceTitle "EXT 2024"]
[Source "ChessBase"]
[SourceDate "2023.10.10"]
[SourceVersion "1"]
[SourceVersionDate "2023.10.10"]
[SourceQuality "1"]

1. e4 d5 2. exd5 Qxd5 3. Nc3 Qd6 4. d4 c6 5. Nf3 Bg4 6. Be2 Nf6 7. Bg5 Nbd7 8. Qd2 e6 9. a3 Qc7 10. h3 Bxf3 11. Bxf3 Bd6 12. Ne4 Nxe4 13. Bxe4 h6 14. Be3 Nf6 15. Bd3 Nd5 16. c4 Nxe3 17. Qxe3 Bf4 18. Qe4 0-0-0 19. 0-0 Rhe8 20. Bc2 f5 21. Qe2 g6 22. Rfd1 Qg7 23. Qd3 Bg5 24. Ba4 Bf6 25. d5 exd5 26. cxd5 b5 27. Bxb5 cxb5 28. Qxb5 Qb7 29. Rac1+ Kb8 30. Qc5 Qc8 31. Qa5 Qb7 32. Rc5 Rd6 33. Rdc1 Qxb2 34. Qc7+ Ka8 35. Qxd6 Rb8 36. Rc8 Be5 37. Qc6+ Qb7 38. Rxb8+ Kxb8 39. Qe8+ Qc8 40. Qxc8# 1-0

[Event "Buenos Aires Legislativo U2000"]
[Site "Buenos Aires"]
[Date "2017.10.03"]
[Round "1.2"]
[White "Kiszkiewicz, Ivan"]
[Black "Acosta, Florencia Luz"]
[Result "1-0"]
[WhiteElo "1977"]
[BlackElo "1704"]
[PlyCount "95"]
[EventDate "2017.10.03"]
[EventType "swiss"]
[EventRounds "7"]
[EventCountry "ARG"]
[SourceTitle "EXT 2024"]
[Source "ChessBase"]
[SourceDate "2023.10.10"]
[SourceVersion "1"]
[SourceVersionDate "2023.10.10"]
[SourceQuality "1"]

1. d4 d5 2. c4 e6 3. Nc3 Nf6 4. cxd5 exd5 5. Bg5 Be7 6. Qc2 Nc6 7. e3 h6 8. Bh4 Be6 9. Bb5 0-0 10. Bxc6 bxc6 11. Bxf6 Bxf6 12. Na4 Qd6 13. Nc5 Rfe8 14. Ne2 Rab8 15. 0-0 Bg4 16. Nf4 Bxd4 17. exd4 Qxf4 18. Nb3 Re6 19. Qc3 Rg6 20. f3 Bh3 21. Rf2 h5 22. Kh1 Qh4 23. Re2 Bf5 24. Qe1 Qg5 25. Qd2 Qh4 26. Re5 Qf6 27. Rae1 Bh3 28. R5e2 Bf5 29. Qe3 Be6 30. Qe5 Rh6 31. Rc1 Qxe5 32. dxe5 Bc8 33. Nd4 Rb6 34. b3 Bd7 35. f4 Rb4 36. Rd2 f5 37. Kg1 Kf8 38. Kf2 Rb6 39. Rdc2 Rb4 40. Ke3 Rb7 41. Kd3 Rg6 42. e6 Bxe6 43. Rxc6 Ke7 44. Re1 Rb6 45. Rxc7+ Kf6 46. Nxe6 Rxe6 47. Rxe6+ Kxe6 48. Rc6+ 1-0

[Event "Buenos Aires Coronel Suarez U2200 2nd"]
[Site "Buenos Aires"]
[Date "2017.04.29"]
[Round "2.6"]
[White "Acosta, Florencia Luz"]
[Black "Medina, Gustavo"]
[Result "0-1"]
[WhiteElo "1749"]
[BlackElo "2012"]
[PlyCount "22"]
[EventDate "2017.04.29"]
[EventType "swiss"]
[EventRounds "7"]
[EventCountry "ARG"]
[SourceTitle "EXT 2024"]
[Source "ChessBase"]
[SourceDate "2023.10.10"]
[SourceVersion "1"]
[SourceVersionDate "2023.10.10"]
[SourceQuality "1"]

1. e4 d5 2. exd5 Nf6 3. d4 Nxd5 4. c4 Nb4 5. Qa4+ N8c6 6. d5 b5 7. cxb5 Nd4 8. Na3 Qxd5 9. Be3 e5 10. Qd1 Bc5 11. Ne2 Nf3+ 0-1

[Event "South-America-chT U14 22th"]
[Site "Medellin"]
[Date "2016.12.14"]
[Round "3.2"]
[White "Jimenez Mansilla, Camila"]
[Black "Acosta, Florencia Luz"]
[Result "0-1"]
[WhiteElo "1527"]
[BlackElo "1732"]
[PlyCount "74"]
[EventDate "2016.12.12"]
[EventType "team-tourn"]
[EventRounds "9"]
[EventCountry "COL"]
[SourceTitle "EXT 2024"]
[Source "ChessBase"]
[SourceDate "2023.10.10"]
[SourceVersion "1"]
[SourceVersionDate "2023.10.10"]
[SourceQuality "1"]
[WhiteTeam "Chile"]
[BlackTeam "Argentina"]
[WhiteTeamCountry "CHI"]
[BlackTeamCountry "ARG"]

1. e4 c5 2. Nf3 Nc6 3. d4 cxd4 4. Nxd4 g6 5. Be3 Bg7 6. Nc3 Nf6 7. f3 0-0 8. Qd2 d5 9. 0-0-0 dxe4 10. Nxe4 Nxe4 11. fxe4 Bg4 12. Be2 Bxe2 13. Nxe2 Qxd2+ 14. Rxd2 Rfd8 15. Rhd1 Rxd2 16. Rxd2 a6 17. Rd7 Rb8 18. Nd4 Nxd4 19. Bxd4 Bxd4 20. Rxd4 Kg7 21. e5 f5 22. exf6+ Kxf6 23. Kd2 b5 24. Kc3 a5 25. a3 Rc8+ 26. Kd3 e6 27. c3 h5 28. b4 axb4 29. Rxb4 Rc5 30. c4 bxc4+ 31. Rxc4 Ra5 32. a4 Ke5 33. Kc3 Kd5 34. Kb4 Rxa4+ 35. Kxa4 Kxc4 36. Ka3 Kd3 37. Kb2 Kd2 0-1

[Event "ARG-ch U14 Girls"]
[Site "Villaguay"]
[Date "2016.02.25"]
[Round "5.2"]
[White "Marquez, Ivette Fiorela"]
[Black "Acosta, Florencia Luz"]
[Result "0-1"]
[WhiteElo "1192"]
[BlackElo "1748"]
[PlyCount "132"]
[EventDate "2016.02.23"]
[EventType "swiss"]
[EventRounds "8"]
[EventCountry "ARG"]
[SourceTitle "EXT 2024"]
[Source "ChessBase"]
[SourceDate "2023.10.10"]
[SourceVersion "1"]
[SourceVersionDate "2023.10.10"]
[SourceQuality "1"]

1. d4 d5 2. c4 e6 3. Nc3 Nf6 4. Nf3 c6 5. e3 Nbd7 6. Bd2 Be7 7. Be2 dxc4 8. a4 0-0 9. 0-0 b6 10. Bxc4 Bb7 11. Qc2 c5 12. Bd3 h6 13. e4 cxd4 14. Nxd4 Ne5 15. Be3 Nxd3 16. Qxd3 e5 17. Rfd1 exd4 18. Bxd4 Rc8 19. Qf3 Qc7 20. Nd5 Bxd5 21. exd5 Rfd8 22. Bxf6 Bxf6 23. Rd2 Bxb2 24. Rad1 Be5 25. g3 Rd6 26. h4 Rf6 27. Qe3 Bd6 28. Qd3 Qc5 29. Kg2 Qa5 30. Re2 Qxa4 31. Rde1 Qd7 32. Re4 Bc5 33. R1e2 Rd6 34. Rd2 Rd8 35. Rde2 a5 36. f4 a4 37. Re7 Qc8 38. Qb5 R6d7 39. R7e4 a3 40. Qc4 Qa8 41. Kh3 a2 42. Rxa2 Qxd5 43. Qe2 Kh7 44. Rc2 Qd3 45. Qg2 Rd4 46. Rce2 Rxe4 47. Rxe4 Qd7+ 48. Kh2 Qg4 49. Qc2 f5 50. Re5 Bb4 51. Re2 Qxe2+ 52. Qxe2 Rd2 53. Qxd2 Bxd2 54. Kg2 Kg6 55. Kf3 Kh5 56. Ke2 Kg4 57. Kxd2 Kxg3 58. Ke3 b5 59. Kd4 Kxf4 60. Kd5 Ke3 61. Ke5 f4 62. Kf5 f3 63. Kg4 f2 64. Kh3 f1Q+ 65. Kh2 Kf3 66. h5 Qg2# 0-1